| 000 | 00540nam a22001697a 4500 | ||
|---|---|---|---|
| 005 | 20100925141433.0 | ||
| 008 | 100925t xxu||||| |||| 00| 0 eng d | ||
| 020 | _a1-57335-178-4 | ||
| 035 | _aA-781458 | ||
| 082 | _aS-GOL | ||
| 245 |
_aThe golden goose / _cillustrated by Pam Storey |
||
| 260 |
_aNew York _bGrandreams _c1995 |
||
| 300 |
_aVarious paging _b17cm. (Hb) _cillu. |
||
| 700 |
_aStorey, Pam _921587 |
||
| 942 |
_2ddc _cCH _hS-GOL |
||
| 999 |
_c47756 _d47756 |
||